Seventeen Nicknames (Kpop) - Statistics

General Stats
  • This quiz has been taken 621 times
  • The average score is 2 of 13
Answer Stats
Hint Answer % Correct
Jeonghan Angel/Eldest Maknae
71%
Hoshi Mr Dumbbell/ 10:10
35%
S.Coups 17's father
25%
Wonwoo Mr Beanie
21%
Jun Mr Blue Earmuffs
12%
Vernon Mr Headphones
12%
Joshua American Hyung
11%
Seungkwan Mr Mic/ Booboo
11%
The8 Little 8
8%
Woozi Mr Fluorescent Sneakers
8%
Mingyu Mr Wristband
8%
Dino Mr Bagpack
7%
Dokyum Mr Hat/ Soonseok Talk
5%
No matching quizzes found
Score Distribution
Percent of People with Each Score
Percentile by Number Answered
Your Score History
You have not taken this quiz